| 000 | 00459nam a2200169 i 4500 | ||
|---|---|---|---|
| 001 | 85624 | ||
| 003 | ES-MaACL | ||
| 005 | 20230906175256.0 | ||
| 007 | t| | ||
| 008 | 041130s1973 sp ||||1| cat d | ||
| 100 | 1 |
_aJuliá Avellaneda, Isidro. _967235 |
|
| 245 | 1 | 0 |
_aEscorpiáo _b: poemes / _cIsidre Juliá Avellaneda. |
| 250 | _a[1ª ed.]. | ||
| 260 |
_aBarcelona : _b[s.n., _c1973] |
||
| 300 |
_a174 p. ; _c23 cm. |
||
| 852 |
_aES-MaACL _jC-52336 _bR.85970 |
||
| 999 |
_c85624 _d85624 |
||